[Event "2.BLO 1516 Nickelhütte Aue - SC Forchh"]
[Site "?"]
[Date "2016.02.20"]
[Round "9.7"]
[White "Bade, Joern"]
[Black "Spiess, Gunter"]
[Result "0-1"]
[WhiteElo "2283"]
[BlackElo "2410"]
[PlyCount "74"]
[EventDate "2016.??.??"]

1. e4 e6 2. d4 d5 3. e5 c5 4. Nf3 cxd4 5. Bd3 Ne7 6. O-O Nd7 7. Re1 Nc6 8. Bf4
Be7 9. Bg3 Qb6 10. Nbd2 Qxb2 11. Nb3 Bb4 12. Rf1 Nc5 13. Nbxd4 Nxd3 14. Rb1 Qc3
15. Rb3 Nb2 16. Qb1 Nxd4 17. Rxc3 Ne2+ 18. Kh1 Bxc3 19. Bh4 h6 20. Re1 Bxe1 21.
Qxb2 g5 22. Qb5+ Bd7 23. Qxe2 Ba5 24. Bg3 O-O-O 25. Nd4 Bb6 26. c3 Kb8 27. Qh5
Be8 28. h4 gxh4 29. Qxh4 Rc8 30. Qf6 Rg8 31. Qf3 h5 32. Qxh5 Rxc3 33. Nf3 Rc8
34. Bf4 Bxf2 35. Ng5 Ka8 36. Qh3 Rg6 37. Kh2 d4 0-1

[Event "2.BLO 1516 Nickelhütte Aue - SC Forchh"]
[Site "?"]
[Date "2016.02.20"]
[Round "9.8"]
[White "Wichmann, Cliff"]
[Black "Doeres, Hans-Juergen"]
[Result "1/2-1/2"]
[WhiteElo "2329"]
[BlackElo "2197"]
[PlyCount "99"]
[EventDate "2016.??.??"]

1. Nf3 d5 2. e3 Nf6 3. c4 c6 4. Nc3 e6 5. Qc2 Be7 6. b3 O-O 7. Bb2 Nbd7 8. d4
b6 9. Be2 Bb7 10. O-O Rc8 11. Rac1 Qc7 12. cxd5 cxd5 13. Bd3 Qb8 14. Qe2 Ne4
15. Rc2 Nxc3 16. Bxc3 Rc7 17. Bb2 Rxc2 18. Qxc2 h6 19. Rc1 Rc8 20. Qd1 Rxc1 21.
Qxc1 Qc8 22. Qxc8+ Bxc8 23. Kf1 Kf8 24. Ke2 Bd6 25. Nd2 Bb7 26. h3 Nb8 27. Nb1
Ba6 28. Nc3 Bxd3+ 29. Kxd3 Nc6 30. Nb5 Be7 31. a3 Ke8 32. f3 Kd7 33. Nc3 Na5
34. Kc2 a6 35. Ne2 Bd6 36. e4 h5 37. Nc1 g6 38. Nd3 Nc6 39. b4 Ne7 40. e5 Bc7
41. g4 Bd8 42. Bc1 Nc6 43. Be3 f6 44. Kc3 fxe5 45. dxe5 Bc7 46. f4 hxg4 47.
hxg4 Nd8 48. Kd4 Nc6+ 49. Kc3 Nd8 50. Kd4 1/2-1/2

[Event "2.BLO 1516 AE Magdeburg - SF Neuberg"]
[Site "?"]
[Date "2016.02.20"]
[Round "9.1"]
[White "Lubbe, Nikolas"]
[Black "Degtiarev, Evgeny"]
[Result "1-0"]
[WhiteElo "2509"]
[BlackElo "2411"]
[PlyCount "147"]
[EventDate "2016.??.??"]

1. c4 e5 2. Nc3 Nf6 3. Nf3 Nc6 4. e3 d6 5. d4 Be7 6. h3 O-O 7. d5 Nb8 8. g4 a5
9. e4 Na6 10. Be3 b6 11. Be2 Kh8 12. Qc2 Ng8 13. O-O-O g6 14. g5 f5 15. gxf6
Nxf6 16. Bh6 Nh5 17. Rdg1 Nf4 18. Bxf8 Bxf8 19. h4 Qf6 20. Kb1 Bd7 21. Ng5 h5
22. Bf1 Bh6 23. Nd1 Rf8 24. Rg3 Bxg5 25. Rxg5 Bg4 26. Nc3 Kh7 27. Qd2 Nc5 28.
Qe3 Bd7 29. Rhg1 Be8 30. Qg3 Qe7 31. f3 Qf6 32. Nd1 Nb7 33. Nf2 Nd8 34. Qh2 Nf7
35. R5g3 Nh6 36. Nd1 Qe7 37. Ne3 Rf6 38. Qd2 Rf8 39. Rh1 Rf6 40. Bd3 Rf8 41.
Bc2 Nf7 42. Nd1 Rg8 43. Nc3 Bd7 44. Qh2 Bc8 45. a3 Ba6 46. b3 Rb8 47. Kb2 Rg8
48. Qd2 Qf6 49. Na2 Rc8 50. Nc1 Nd8 51. Kb1 Nf7 52. Nd3 Rg8 53. Nxf4 exf4 54.
Rg2 Bc8 55. Bd1 Bd7 56. Qb2 Qe7 57. Qc3 Rb8 58. Bc2 Ne5 59. Rg5 Be8 60. Rhg1
Qd7 61. Rxe5 dxe5 62. Qxe5 Qd6 63. Qg5 Qf8 64. e5 Qh6 65. Qf6 b5 66. c5 Qg7 67.
Qxf4 b4 68. a4 Rd8 69. Qe4 Qf7 70. e6 Qf6 71. Rg5 Kg7 72. f4 Rb8 73. Qe5 Qxe5
74. fxe5 1-0

[Event "2.BLO 1516 AE Magdeburg - SF Neuberg"]
[Site "?"]
[Date "2016.02.20"]
[Round "9.2"]
[White "Heinemann, Josefine"]
[Black "Lubbe, Melanie"]
[Result "0-1"]
[WhiteElo "2280"]
[BlackElo "2301"]
[PlyCount "82"]
[EventDate "2016.??.??"]

1. e4 c5 2. Nf3 Nc6 3. d4 cxd4 4. Nxd4 Nf6 5. Nc3 d6 6. Bg5 e6 7. Qd2 Qb6 8.
Bxf6 gxf6 9. Nb3 Bd7 10. a4 Na5 11. Nxa5 Qxa5 12. Bb5 Bxb5 13. Nxb5 Qxd2+ 14.
Kxd2 Kd7 15. c4 a6 16. Nc3 Rc8 17. b3 Rg8 18. g3 Rc5 19. Rad1 f5 20. f4 Be7 21.
Kc2 fxe4 22. Nxe4 Rc6 23. Rd4 f5 24. Nc3 h5 25. Rd3 Rg6 26. Re1 Rc8 27. Rde3
Bd8 28. Rd1 h4 29. Ne2 b5 30. axb5 axb5 31. Red3 d5 32. Nd4 bxc4 33. bxc4 Rxc4+
34. Kb3 Be7 35. Nf3 Rb4+ 36. Kc3 Rg8 37. Ne5+ Kc7 38. Ra1 hxg3 39. hxg3 Kb7 40.
Rh1 Rc8+ 41. Kd2 Rb2+ 0-1

[Event "2.BLO 1516 AE Magdeburg - SF Neuberg"]
[Site "?"]
[Date "2016.02.20"]
[Round "9.3"]
[White "Wahedi, Ahmad Siar"]
[Black "Andre, Gordon"]
[Result "1-0"]
[WhiteElo "2290"]
[BlackElo "2262"]
[PlyCount "49"]
[EventDate "2016.??.??"]

1. e4 e6 2. d4 d5 3. Nc3 Bb4 4. e5 c5 5. a3 Ba5 6. Bd2 Nh6 7. dxc5 Bc7 8. Qh5
Nf5 9. Bg5 Qd7 10. Bb5 Nc6 11. Nf3 O-O 12. g4 Nfe7 13. O-O-O Ng6 14. Ne4 dxe4
15. Rxd7 Bxd7 16. Nd2 Bxe5 17. Nxe4 a6 18. Bd3 f5 19. gxf5 Rxf5 20. Kb1 Bf4 21.
Nf6+ gxf6 22. Bxf5 exf5 23. Bxf4 Nxf4 24. Qf3 Ng6 25. Qd5+ 1-0

[Event "2.BLO 1516 AE Magdeburg - SF Neuberg"]
[Site "?"]
[Date "2016.02.20"]
[Round "9.4"]
[White "Woellermann, Jan"]
[Black "Kuenstler, Christian"]
[Result "1/2-1/2"]
[WhiteElo "2361"]
[BlackElo "2226"]
[PlyCount "62"]
[EventDate "2016.??.??"]

1. d4 Nf6 2. c4 c5 3. d5 e6 4. Nc3 exd5 5. cxd5 d6 6. e4 g6 7. Bd3 Bg7 8. h3
O-O 9. Nf3 b5 10. Nxb5 Re8 11. O-O Nxe4 12. Re1 a6 13. Nc3 Nxc3 14. bxc3 Rxe1+
15. Qxe1 Nd7 16. Bg5 Nf6 17. Bc4 h6 18. Bf4 Bf5 19. Nd2 Qd7 20. Rc1 Re8 21. Qf1
Qc7 22. Bb3 Bc8 23. Ba4 Bd7 24. Qxa6 Nxd5 25. Bxd6 Qd8 26. Bxd7 Qxd7 27. Nf3
Nxc3 28. Re1 Rxe1+ 29. Nxe1 Qe6 30. Nf3 Kh7 31. Qb6 Ne4 1/2-1/2

[Event "2.BLO 1516 AE Magdeburg - SF Neuberg"]
[Site "?"]
[Date "2016.02.20"]
[Round "9.5"]
[White "Overbeck, Thorsten"]
[Black "Melamed, Tatjana"]
[Result "1/2-1/2"]
[WhiteElo "2310"]
[BlackElo "2308"]
[PlyCount "66"]
[EventDate "2016.??.??"]

1. d4 Nf6 2. c4 c5 3. d5 b5 4. cxb5 a6 5. b6 e6 6. Nc3 Nxd5 7. Nxd5 exd5 8.
Qxd5 Nc6 9. Nf3 Rb8 10. Ne5 Qf6 11. Nxc6 dxc6 12. Qf3 Qxf3 13. gxf3 Rxb6 14. e4
Be7 15. Bc4 O-O 16. b3 Be6 17. Bxe6 fxe6 18. Ke2 c4 19. Be3 c5 20. Rab1 Rfb8
21. Rhc1 cxb3 22. Rxb3 Rxb3 23. axb3 Rxb3 24. Bxc5 Rb2+ 25. Kf1 Bg5 26. Ra1 Rc2
27. Be3 Bxe3 28. fxe3 Rc6 29. Rb1 a5 30. Rb8+ Kf7 31. Ra8 Rc5 32. f4 Kf6 33.
Ra7 h6 1/2-1/2

[Event "2.BLO 1516 AE Magdeburg - SF Neuberg"]
[Site "?"]
[Date "2016.02.20"]
[Round "9.6"]
[White "Paul, Johannes"]
[Black "Seifert, Christopher"]
[Result "0-1"]
[WhiteElo "2275"]
[BlackElo "2278"]
[PlyCount "66"]
[EventDate "2016.??.??"]

1. d4 g6 2. c4 Bg7 3. e4 c5 4. Nf3 cxd4 5. Nxd4 Nc6 6. Be3 Nf6 7. Nc3 Ng4 8.
Qxg4 Nxd4 9. Qd1 Ne6 10. Rc1 O-O 11. Bd3 d6 12. O-O Nc5 13. Bb1 Be6 14. Qe2 Qa5
15. Nd5 Bxd5 16. exd5 Rae8 17. Rfe1 e6 18. Bf4 Qb6 19. b3 e5 20. Bd2 e4 21. b4
Nd7 22. c5 Qc7 23. Bf4 Be5 24. Qxe4 dxc5 25. Bxe5 Rxe5 26. Qc4 b6 27. Rxe5 Qxe5
28. Rd1 Rd8 29. Be4 b5 30. Qc2 cxb4 31. Bf3 Qc3 32. Qe4 Nf6 33. Qe7 Re8 0-1

[Event "2.BLO 1516 AE Magdeburg - SF Neuberg"]
[Site "?"]
[Date "2016.02.20"]
[Round "9.7"]
[White "Lutz, Klaus-Juergen"]
[Black "Schoene, Maria"]
[Result "1/2-1/2"]
[WhiteElo "2313"]
[BlackElo "2264"]
[PlyCount "93"]
[EventDate "2016.??.??"]

1. e4 c5 2. a3 d6 3. b4 Nf6 4. Nc3 g6 5. Rb1 Bg7 6. Bc4 Nc6 7. Nf3 O-O 8. bxc5
dxc5 9. h3 e6 10. O-O b6 11. d3 Bb7 12. Ne2 Qe7 13. Bg5 h6 14. Be3 Rfd8 15. Qc1
Kh7 16. Nh2 Na5 17. Ba2 e5 18. f4 exf4 19. Rxf4 c4 20. Ng4 Nxg4 21. hxg4 Rac8
22. Qf1 Rd7 23. Bc1 Rcc7 24. Rf3 Qd8 25. Bf4 Rc8 26. Rd1 Bxe4 27. Rh3 g5 28.
Bc1 Bg6 29. Ng3 Qf6 30. Nf5 Re8 31. Nxh6 Qxf1+ 32. Rxf1 Bxh6 33. Bxg5 cxd3 34.
Rxh6+ Kg7 35. Rh3 Rd6 36. cxd3 Re2 37. Bh6+ Kg8 38. Rf2 Rxf2 39. Kxf2 Bxd3 40.
Bf4 Rf6 41. Ke3 Bh7 42. g5 Rc6 43. Bd5 Rc5 44. Bxf7+ Kxf7 45. Rxh7+ Kg6 46.
Rxa7 Rc3+ 47. Ke4 1/2-1/2

[Event "2.BLO 1516 AE Magdeburg - SF Neuberg"]
[Site "?"]
[Date "2016.02.20"]
[Round "9.8"]
[White "Rothe, Guido"]
[Black "Schaffer, Hendrik"]
[Result "1/2-1/2"]
[WhiteElo "2154"]
[BlackElo "2265"]
[PlyCount "76"]
[EventDate "2016.??.??"]

1. d4 Nf6 2. c4 g6 3. Nc3 Bg7 4. g3 d5 5. cxd5 Nxd5 6. Bg2 Nb6 7. Nf3 Nc6 8. e3
e5 9. O-O exd4 10. exd4 O-O 11. Bg5 Qd7 12. Ne4 Qf5 13. Re1 h6 14. Bf4 Nd5 15.
Nh4 Qd7 16. Nc5 Qd8 17. Be5 Nce7 18. Qb3 Rb8 19. Rac1 b6 20. Bxg7 Kxg7 21. Nf3
Bf5 22. Nd3 Qd6 23. Nfe5 Rbd8 24. Nc4 Qf6 25. Nde5 h5 26. Ne3 Be6 27. Nxd5 Bxd5
28. Bxd5 Nxd5 29. Nc6 Rd7 30. Re5 Ne7 31. Nxe7 Rxe7 32. Qd5 Rfe8 33. f4 c5 34.
Rce1 cxd4 35. Rxe7 Rxe7 36. Rxe7 Qxe7 37. Qxd4+ Qf6 38. Qd2 Kg8 1/2-1/2

[Event "2.BLO 1516 SG Leipzig - Bad Mergentheim"]
[Site "?"]
[Date "2016.02.20"]
[Round "9.1"]
[White "Ikonnikov, Vyacheslav"]
[Black "Langrock, Hannes"]
[Result "1/2-1/2"]
[WhiteElo "2544"]
[BlackElo "2409"]
[PlyCount "46"]
[EventDate "2016.??.??"]

1. d4 Nf6 2. Nf3 e6 3. c4 d5 4. Nc3 dxc4 5. e3 a6 6. Bxc4 b5 7. Bd3 Bb7 8. O-O
c5 9. Qe2 Nbd7 10. Rd1 Bd6 11. dxc5 Bxc5 12. h3 Qb8 13. e4 O-O 14. Be3 Bxe3 15.
Qxe3 Qa7 16. Qf4 e5 17. Qh4 Rac8 18. Ne2 Rfe8 19. Ng3 Nf8 20. Nh5 Rc6 21. Nxf6+
Rxf6 22. Qg5 Rf4 23. Rd2 Ng6 1/2-1/2

[Event "2.BLO 1516 SG Leipzig - Bad Mergentheim"]
[Site "?"]
[Date "2016.02.20"]
[Round "9.2"]
[White "Solberg, Joachim"]
[Black "Karpatchev, Aleksandr"]
[Result "0-1"]
[WhiteElo "2222"]
[BlackElo "2475"]
[PlyCount "90"]
[EventDate "2016.??.??"]

1. e4 e5 2. Nf3 Nc6 3. c3 d5 4. Qa4 Nf6 5. Nxe5 Bd6 6. Nxc6 bxc6 7. d3 O-O 8.
Be2 Re8 9. Nd2 Bg4 10. Qd1 dxe4 11. dxe4 Nxe4 12. Nxe4 Rxe4 13. Be3 Qh4 14. Qd2
Rae8 15. O-O-O Bf4 16. Bxf4 Rxe2 17. Rde1 h6 18. Bg3 Qf6 19. f3 Rxd2 20. Rxe8+
Kh7 21. Kxd2 Be6 22. Rd1 Qg5+ 23. Kc2 Qf5+ 24. Kd2 Qd5+ 25. Ke1 Qxa2 26. Rd2
Qa1+ 27. Kf2 Qa5 28. Bf4 Qa4 29. Bxc7 a5 30. Ra8 Qh4+ 31. Bg3 Qg5 32. Rad8 Bd5
33. R8xd5 cxd5 34. Ke1 Qf5 35. Kf1 g5 36. h3 a4 37. Bd6 h5 38. Kf2 Kg6 39. g4
Qb1 40. gxh5+ Kxh5 41. Kg2 f5 42. Bg3 Qc1 43. Rf2 f4 44. Bh2 a3 45. bxa3 Qxc3
0-1

[Event "2.BLO 1516 SG Leipzig - Bad Mergentheim"]
[Site "?"]
[Date "2016.02.20"]
[Round "9.3"]
[White "Ivanov, Mikail"]
[Black "Richter, Leonard"]
[Result "1-0"]
[WhiteElo "2373"]
[BlackElo "2313"]
[PlyCount "101"]
[EventDate "2016.??.??"]

1. d4 Nf6 2. Nf3 g6 3. Nbd2 Bg7 4. e4 d6 5. Bd3 O-O 6. O-O Nfd7 7. c3 a6 8. a4
Nc6 9. a5 e5 10. d5 Ne7 11. b4 h6 12. c4 f5 13. Ne1 g5 14. Ra3 f4 15. Be2 Nf6
16. c5 g4 17. cxd6 cxd6 18. Bd3 g3 19. fxg3 fxg3 20. hxg3 b5 21. Be2 Qd7 22.
Qb3 h5 23. Qe3 Ng4 24. Rxf8+ Kxf8 25. Bxg4 hxg4 26. Rc3 Bb7 27. Nf1 Rc8 28.
Rxc8+ Bxc8 29. Qb6 Ng8 30. Nd3 Nf6 31. Nf2 Ne8 32. Nh2 Nf6 33. Bg5 Kf7 34. Bxf6
Bxf6 35. Nhxg4 Bg5 36. Ne3 Qe7 37. g4 Bf4 38. Nf5 Bxf5 39. gxf5 Qh4 40. Qc7+
Kg8 41. Qc8+ Kg7 42. Qd7+ Kg8 43. Qe6+ Kg7 44. Qg6+ Kh8 45. f6 Qh6 46. Qe8+ Kh7
47. Qd7+ Kh8 48. Qc8+ Kh7 49. f7 Qh2+ 50. Kf1 Bh6 51. Qg8# 1-0

[Event "2.BLO 1516 SG Leipzig - Bad Mergentheim"]
[Site "?"]
[Date "2016.02.20"]
[Round "9.4"]
[White "Rausch, Stephan"]
[Black "Panzalovic, Srdjan"]
[Result "0-1"]
[WhiteElo "2280"]
[BlackElo "2436"]
[PlyCount "120"]
[EventDate "2016.??.??"]

1. d4 Nf6 2. Nf3 c5 3. c3 b6 4. g3 Bb7 5. Bg2 g6 6. O-O Bg7 7. Bg5 O-O 8. Nbd2
h6 9. Bxf6 Bxf6 10. e4 cxd4 11. cxd4 Bg7 12. Rc1 d5 13. e5 Nc6 14. a3 Qd7 15.
Re1 e6 16. b4 Rfc8 17. Nb3 Ne7 18. Qd3 Qa4 19. Nbd2 a5 20. b5 Bf8 21. Bf1 Nf5
22. g4 Ng7 23. Nb1 Ne8 24. Qd2 Rxc1 25. Rxc1 Rc8 26. Rc3 Rxc3 27. Qxc3 Qd1 28.
Nbd2 Qa4 29. Nb1 Qd1 30. Qd3 Qc1 31. Nfd2 Bc8 32. Kg2 Bd7 33. h4 Nc7 34. Qb3
Be7 35. Kg3 Bxb5 36. Bxb5 Qg1+ 37. Kf3 Bxh4 38. Ke2 Qxg4+ 39. Qf3 Qxd4 40. a4
Qxe5+ 41. Qe3 Qxe3+ 42. fxe3 f5 43. Bd3 Bf6 44. Na3 Kf7 45. Nb5 Nxb5 46. Bxb5
Ke7 47. Nf3 h5 48. Kf2 g5 49. Be2 e5 50. Nxg5 Bxg5 51. Bxh5 f4 52. e4 dxe4 53.
Bg6 Bh4+ 54. Ke2 Kd6 55. Bxe4 Kc5 56. Kd3 b5 57. axb5 Kxb5 58. Bd5 Kb4 59. Ke4
Bf6 60. Kf5 Bh8 0-1

[Event "2.BLO 1516 SG Leipzig - Bad Mergentheim"]
[Site "?"]
[Date "2016.02.20"]
[Round "9.5"]
[White "Gasthofer, Alexander"]
[Black "Liedtke, Matthias"]
[Result "1-0"]
[WhiteElo "2444"]
[BlackElo "2257"]
[PlyCount "149"]
[EventDate "2016.??.??"]

1. e4 e6 2. Nf3 d5 3. e5 Bd7 4. c3 c5 5. Na3 Nc6 6. Nc2 Nge7 7. d4 cxd4 8. cxd4
Nf5 9. Bd3 Be7 10. O-O a5 11. g4 Nh4 12. Nxh4 Bxh4 13. f4 Be7 14. Qf3 Qb6 15.
Be3 O-O-O 16. Rfb1 Kb8 17. b4 a4 18. Bf1 Rc8 19. Ne1 h5 20. g5 f6 21. Nd3 fxg5
22. Nc5 Bxc5 23. bxc5 Qc7 24. Rb6 gxf4 25. Bf2 Nd8 26. Rab1 g5 27. Qa3 h4 28.
h3 Bc6 29. Bb5 Qh7 30. Bd3 Qh5 31. Qb4 Rc7 32. Qa5 g4 33. Ra6 Kc8 34. Ra8+ Kd7
35. hxg4 Qxg4+ 36. Kh2 Qf3 37. Qd2 Rg8 38. Rg1 Rxg1 39. Bxg1 Rc8 40. Rxc8 Kxc8
41. Bf2 Nf7 42. Qe2 Qxe2 43. Bxe2 b6 44. Bg4 Nd8 45. cxb6 Bd7 46. a3 Nc6 47.
Kh3 Na5 48. Be1 Nb3 49. Bc3 Kb7 50. Kxh4 Kxb6 51. Kg5 Kb5 52. Be2+ Kc6 53. Kxf4
Nc1 54. Bf1 Kb6 55. Kg5 Bb5 56. Bh3 Bd7 57. Kf6 Ne2 58. Bb2 Nf4 59. Bg4 Kb5 60.
Bc1 Nd3 61. Be3 Kc4 62. Bxe6 Bc6 63. Ke7 Ne1 64. Kd6 Nc2 65. Kxc6 Nxe3 66. Bh3
Nc2 67. Bf1+ Kc3 68. Kxd5 Nxd4 69. Bh3 Nb5 70. Kc5 Nc7 71. Bd7 Kb3 72. Kd6 Na6
73. Bb5 Kxa3 74. Bxa6 Kb4 75. Bb7 1-0

[Event "2.BLO 1516 SG Leipzig - Bad Mergentheim"]
[Site "?"]
[Date "2016.02.20"]
[Round "9.6"]
[White "Boehnisch, Manfred"]
[Black "Gasthofer, Viktor"]
[Result "0-1"]
[WhiteElo "2324"]
[BlackElo "2309"]
[PlyCount "100"]
[EventDate "2016.??.??"]

1. e4 e6 2. d4 d5 3. exd5 exd5 4. Nf3 Nf6 5. c4 dxc4 6. Bxc4 Bd6 7. O-O O-O 8.
Ne5 Nbd7 9. Bf4 Nb6 10. Bb3 Nbd5 11. Bg3 Be6 12. Nd2 c6 13. Qf3 Re8 14. h3 Be7
15. Rad1 Nc7 16. Bxe6 Nxe6 17. Nb3 Qd5 18. Rfe1 Qxf3 19. Nxf3 Nd5 20. a3 a5 21.
Nbd2 a4 22. Nc4 Red8 23. Kf1 Kf8 24. Re2 Nec7 25. Rde1 Nb5 26. Nb6 Nxb6 27.
Rxe7 Rd7 28. Rxd7 Nxd7 29. Rd1 Nb6 30. Ng5 h6 31. Ne4 Nc4 32. Nd2 Nxd2+ 33.
Rxd2 Rd8 34. Ke2 Rxd4 35. Rxd4 Nxd4+ 36. Kd3 Ne6 37. Bd6+ Ke8 38. f4 f5 39. Kc3
Kd7 40. Be5 c5 41. b3 axb3 42. Kxb3 b5 43. a4 bxa4+ 44. Kxa4 Kc6 45. Kb3 Kd5
46. Kc3 h5 47. Kd3 g5 48. g3 h4 49. Bb8 g4 50. Ke3 gxh3 0-1

[Event "2.BLO 1516 SG Leipzig - Bad Mergentheim"]
[Site "?"]
[Date "2016.02.20"]
[Round "9.7"]
[White "Raps, Johannes"]
[Black "Schunk, Thomas"]
[Result "1/2-1/2"]
[WhiteElo "2171"]
[BlackElo "2194"]
[PlyCount "89"]
[EventDate "2016.??.??"]

1. d4 Nf6 2. Nf3 g6 3. g3 Bg7 4. Bg2 O-O 5. O-O d6 6. c4 c6 7. Nc3 Bg4 8. b3
Qa5 9. Bb2 Nbd7 10. h3 Bxf3 11. Bxf3 Rad8 12. Qc2 e5 13. dxe5 Nxe5 14. Bg2 Ne8
15. Rad1 f5 16. f4 Nf7 17. Kh2 Nf6 18. e4 fxe4 19. Bxe4 Qh5 20. Kg2 Rfe8 21.
Rde1 Qa5 22. a3 d5 23. b4 Qc7 24. Bd3 d4 25. Rxe8+ Rxe8 26. Ne2 c5 27. bxc5
Qc6+ 28. Rf3 Qxc5 29. Nxd4 Nd6 30. Nb3 Qc6 31. c5 Nf5 32. Bxf5 gxf5 33. Qc4+
Kh8 34. Be5 Nd5 35. Kf2 Nf6 36. Nd4 Ne4+ 37. Ke3 Qg6 38. Bxg7+ Kxg7 39. Kd3
Nxg3 40. Qd5 Qa6+ 41. Kc2 Ne4 42. Nxf5+ Kf8 43. Nd4 Qa5 44. Qf5+ Kg8 45. Qd5+
1/2-1/2

[Event "2.BLO 1516 SG Leipzig - Bad Mergentheim"]
[Site "?"]
[Date "2016.02.20"]
[Round "9.8"]
[White "Schultz, Andreas"]
[Black "Gross, Willi"]
[Result "1/2-1/2"]
[WhiteElo "2260"]
[BlackElo "2116"]
[PlyCount "81"]
[EventDate "2016.??.??"]

1. d4 d6 2. Nf3 Nf6 3. c4 g6 4. Nc3 Bg7 5. e4 O-O 6. Be2 e5 7. O-O Nc6 8. d5
Ne7 9. Ne1 Nd7 10. Be3 f5 11. f3 f4 12. Bf2 g5 13. Nd3 Nf6 14. c5 h5 15. Rc1
Rf7 16. cxd6 cxd6 17. Nb5 Ng6 18. Qc2 Ne8 19. Nxa7 Bd7 20. Qb3 g4 21. Nb5 g3
22. hxg3 fxg3 23. Bxg3 h4 24. Bh2 Bh6 25. Rc2 Rg7 26. f4 Qb6+ 27. Nf2 Nxf4 28.
Bxf4 Bxf4 29. Kh1 Rc8 30. Rxc8 Bxc8 31. Nc3 Qe3 32. Bf3 h3 33. Ncd1 hxg2+ 34.
Bxg2 Rh7+ 35. Kg1 Bh2+ 36. Kh1 Bf4+ 37. Kg1 Bh2+ 38. Kh1 Bf4+ 39. Kg1 Bh2+ 40.
Kh1 Qh6 41. Re1 1/2-1/2

[Event "2.BLO 1516 SC Forchheim - Bindl AktionÃ"]
[Site "?"]
[Date "2016.02.21"]
[Round "10.1"]
[White "Bindrich, Falko"]
[Black "Jirovsky, Milos"]
[Result "1/2-1/2"]
[WhiteElo "2566"]
[BlackElo "2450"]
[PlyCount "175"]
[EventDate "2016.??.??"]

1. d4 d5 2. c4 c6 3. Nc3 Nf6 4. e3 e6 5. Nf3 Nbd7 6. Qc2 Bd6 7. Bd3 dxc4 8.
Bxc4 a6 9. O-O c5 10. Be2 Qc7 11. dxc5 Nxc5 12. Bd2 Bd7 13. Rac1 Rc8 14. b4 Na4
15. Qb1 Nxc3 16. Bxc3 Qb8 17. Qb2 Ke7 18. h3 Rhd8 19. Nd2 Bc6 20. Nc4 Bh2+ 21.
Kh1 b5 22. Ne5 Bxe5 23. Bxe5 Qb7 24. f3 Bd5 25. e4 Bc4 26. Bxc4 Rxc4 27. Rxc4
bxc4 28. Rc1 Qb5 29. Bd4 Nd7 30. Bxg7 f6 31. Qd2 Rg8 32. Bh6 Ne5 33. Be3 Nd3
34. Rb1 a5 35. a4 Qxa4 36. bxa5 Rd8 37. Qc3 Rd7 38. Kh2 Kf7 39. Ra1 Qb3 40.
Qxb3 cxb3 41. Rb1 b2 42. a6 Rd6 43. a7 Ra6 44. Bd4 e5 45. Bxb2 Rxa7 46. Bc3 Ra3
47. Rb7+ Kg6 48. Rc7 Ra2 49. Rd7 Nf4 50. Bd2 Ne6 51. Kg1 h5 52. h4 Rc2 53. Kf1
Ra2 54. Rd6 Kf7 55. Be1 Ra1 56. Rd2 Nf4 57. g3 Ne6 58. Kf2 Nd4 59. Rd3 Ra2+ 60.
Bd2 Nb3 61. Ke3 Nxd2 62. Rxd2 Ra3+ 63. Rd3 Ra2 64. Rd7+ Kg6 65. f4 Ra3+ 66. Rd3
Ra6 67. Kf3 Rb6 68. Ra3 Rc6 69. Rd3 Ra6 70. g4 hxg4+ 71. Kxg4 exf4 72. Rd5 Ra1
73. h5+ Kf7 74. Kxf4 Rf1+ 75. Kg4 Rg1+ 76. Kf3 Rf1+ 77. Ke2 Rh1 78. Ra5 Ke6 79.
Kf3 Rh4 80. Ra6+ Kf7 81. Ra7+ Kg8 82. Ra5 Kf7 83. Ke3 Rh1 84. Kd4 Rd1+ 85. Kc5
Ke6 86. Ra8 Rh1 87. Rh8 f5 88. exf5+ 1/2-1/2

[Event "2.BLO 1516 SC Forchheim - Bindl AktionÃ"]
[Site "?"]
[Date "2016.02.21"]
[Round "10.2"]
[White "Jansa, Vlastimil"]
[Black "Petr, Martin"]
[Result "1/2-1/2"]
[WhiteElo "2464"]
[BlackElo "2510"]
[PlyCount "40"]
[EventDate "2016.??.??"]

1. e4 e6 2. d4 d5 3. Nd2 c5 4. Ngf3 cxd4 5. Nxd4 Nf6 6. exd5 Qxd5 7. Nb5 Na6 8.
Nc3 Qd8 9. a3 Be7 10. Qf3 Nc7 11. Bd3 Ncd5 12. Nde4 Nxe4 13. Nxe4 f5 14. Nd2
O-O 15. Nc4 b5 16. Ne5 Qc7 17. Qe2 Nc3 18. Qe3 Nd5 19. Qe2 Nc3 20. Qe3 Nd5
1/2-1/2

[Event "2.BLO 1516 SC Forchheim - Bindl AktionÃ"]
[Site "?"]
[Date "2016.02.21"]
[Round "10.4"]
[White "Rupprecht, Andreas"]
[Black "Krensing, Jan"]
[Result "1/2-1/2"]
[WhiteElo "2422"]
[BlackElo "2336"]
[PlyCount "56"]
[EventDate "2016.??.??"]

1. Nf3 c5 2. e4 Nc6 3. d4 cxd4 4. Nxd4 g6 5. c4 Bg7 6. Be3 Nf6 7. Nc3 O-O 8.
Be2 d6 9. O-O Bd7 10. Qd2 Nxd4 11. Bxd4 Bc6 12. Bd3 a5 13. Rae1 Nd7 14. Bxg7
Kxg7 15. Re3 a4 16. Rh3 Rh8 17. Nd5 e6 18. Nb4 Nc5 19. Nxc6 bxc6 20. f4 f5 21.
exf5 exf5 22. b4 axb3 23. axb3 Qf6 24. b4 Qd4+ 25. Qe3 Qxe3+ 26. Rxe3 Nxd3 27.
Rxd3 Rhb8 28. Rb1 Ra4 1/2-1/2

[Event "2.BLO 1516 SC Forchheim - Bindl AktionÃ"]
[Site "?"]
[Date "2016.02.21"]
[Round "10.5"]
[White "Wall, Gavin"]
[Black "Schramm, Christian"]
[Result "0-1"]
[WhiteElo "2329"]
[BlackElo "2382"]
[PlyCount "94"]
[EventDate "2016.??.??"]

1. e4 e6 2. d4 d5 3. e5 c5 4. c3 Nc6 5. Nf3 Bd7 6. dxc5 Bxc5 7. b4 Bf8 8. Bd3
Nge7 9. Qe2 a6 10. h4 Nf5 11. g4 Nh6 12. Rg1 Rc8 13. a3 Qc7 14. Bf4 f6 15. Bxh6
gxh6 16. exf6 Qf4 17. g5 Qc1+ 18. Qd1 Qxd1+ 19. Kxd1 e5 20. c4 e4 21. cxd5 exf3
22. dxc6 Rxc6 23. Nd2 Rc3 24. Re1+ Kf7 25. Re3 hxg5 26. Bc4+ Rxc4 27. Nxc4 Ba4+
28. Kd2 gxh4 29. Kc3 Bh6 30. Re7+ Kxf6 31. Rxb7 Rc8 32. Rb6+ Rc6 33. Rh1 Bg5
34. Kd4 Kf5 35. Rxc6 Bxc6 36. Kc5 Ba8 37. Nd6+ Kg4 38. Kb6 Be3+ 39. Kxa6 Bxf2
40. b5 Bc5 41. Nc4 f2 42. Ra1 Bg2 43. Nd2 h3 44. Nf1 Bxf1 45. Rxf1 Kg3 46. b6
Kg2 47. b7 Bd6 0-1

[Event "2.BLO 1516 SC Forchheim - Bindl AktionÃ"]
[Site "?"]
[Date "2016.02.21"]
[Round "10.6"]
[White "Heidrich, Manfred"]
[Black "Havlikova, Kristyna"]
[Result "1/2-1/2"]
[WhiteElo "2344"]
[BlackElo "2319"]
[PlyCount "57"]
[EventDate "2016.??.??"]

1. e4 c5 2. c3 Nf6 3. e5 Nd5 4. d4 cxd4 5. cxd4 Nc6 6. Nf3 d6 7. Bc4 dxe5 8.
dxe5 Ndb4 9. a3 Qxd1+ 10. Kxd1 Na6 11. b4 Nc7 12. Bb2 Be6 13. Nbd2 g6 14. Ke2
Bg7 15. Rhd1 O-O-O 16. Rac1 Bxc4+ 17. Nxc4 h6 18. h4 Rxd1 19. Rxd1 Rd8 20.
Rxd8+ Kxd8 21. Kd3 b5 22. Ncd2 Nd5 23. Ke4 Nb6 24. Bd4 Kc7 25. Ne1 e6 26. Nd3
Nd7 27. f4 Bf8 28. Nb3 h5 29. g3 1/2-1/2

[Event "2.BLO 1516 SC Forchheim - Bindl AktionÃ"]
[Site "?"]
[Date "2016.02.21"]
[Round "10.7"]
[White "Loew, Gerald"]
[Black "Ott, Florian"]
[Result "1/2-1/2"]
[WhiteElo "2271"]
[BlackElo "2303"]
[PlyCount "29"]
[EventDate "2016.??.??"]

1. c4 c5 2. g3 g6 3. Bg2 Bg7 4. Nc3 Nc6 5. a3 d6 6. Nf3 e5 7. O-O Nge7 8. b4
O-O 9. Rb1 Rb8 10. Ne1 Be6 11. d3 h6 12. Nc2 Kh7 13. Ne3 Qd7 14. Ned5 b6 15.
Qa4 1/2-1/2

[Event "2.BLO 1516 SC Forchheim - Bindl AktionÃ"]
[Site "?"]
[Date "2016.02.21"]
[Round "10.8"]
[White "Doeres, Hans-Juergen"]
[Black "Spitzl, Bertram"]
[Result "1/2-1/2"]
[WhiteElo "2197"]
[BlackElo "2204"]
[PlyCount "27"]
[EventDate "2016.??.??"]

1. c4 Nf6 2. g3 g6 3. Bg2 d5 4. cxd5 Nxd5 5. Nc3 Nb6 6. Nf3 Bg7 7. d4 Nc6 8. e3
O-O 9. O-O Re8 10. d5 Na5 11. e4 c6 12. dxc6 Nxc6 13. Bf4 Bg4 14. h3 1/2-1/2

[Event "2.BLO 1516 SK Göggingen - Nickelhütte"]
[Site "?"]
[Date "2016.02.21"]
[Round "10.1"]
[White "Papp, Gabor"]
[Black "Rozentalis, Eduardas"]
[Result "1/2-1/2"]
[WhiteElo "2602"]
[BlackElo "2570"]
[PlyCount "105"]
[EventDate "2016.??.??"]

1. c4 e6 2. Nf3 Nf6 3. g3 b6 4. Bg2 Bb7 5. O-O Be7 6. Nc3 O-O 7. d4 Ne4 8. Bd2
Bf6 9. Ne5 Nxc3 10. Bxc3 Bxg2 11. Kxg2 d5 12. Ng4 Be7 13. Qa4 Qe8 14. Qb3 dxc4
15. Qxc4 Qc6+ 16. Qxc6 Nxc6 17. Rac1 Rfd8 18. Rfd1 Rac8 19. d5 Nb8 20. Be5 c5
21. dxe6 fxe6 22. Bxb8 Rxb8 23. b3 Rbc8 24. f4 a6 25. Kf3 Bf6 26. e3 Kf7 27.
Nf2 Rxd1 28. Rxd1 Rd8 29. Rxd8 Bxd8 30. e4 h5 31. e5 b5 32. Ne4 Be7 33. h3 Ke8
34. g4 hxg4+ 35. hxg4 g6 36. Nd2 Kd7 37. Ke4 Kc6 38. Nf3 Kd7 39. Ne1 Bf8 40.
Nc2 Kc6 41. Ne3 Kd7 42. f5 gxf5+ 43. gxf5 exf5+ 44. Kxf5 c4 45. e6+ Kd8 46.
bxc4 Bc5 47. Nd5 bxc4 48. Ke5 a5 49. a4 Ke8 50. Nf6+ Ke7 51. Nd5+ Ke8 52. Nc7+
Ke7 53. Nd5+ 1/2-1/2